• 首页
  • 本馆介绍
  • 公告通知
  • 最新文献
  • 馆藏检索
  • 电子资源
  • 读者导购
  • 参考咨询
  • 我的图书馆
  • 登录
  • 详细信息显示
  • 放入我的书架
  • 预约/预借图书
  • 作者相关作品
  • 分类相关作品
  • 丛书相关作品
  • 出版社相关作品

书目信息

  • 表格格式
  • 工作单格式
  • 卡片格式
题名:
数学
    
 
作者: 袁卫平 主编
分册:   基础模块
出版信息: 西安   西北工业大学出版社  2015.9
页数: 191页
开本: 26cm
丛书名:
单 册:
中图分类: O1
科图分类:
主题词: 数学--高等职业教育--教材
电子资源:
ISBN: 978-7-5612-4575-0
000 00752nam0 2200253 450
001 0400002655
005 20171129150435.92
010    @a978-7-5612-4575-0@dCNY72.00
100    @a20160109d2015 em y0chiy50 ea
101 0  @achi
102    @aCN@b610000
105    @aa z 000yy
106    @ar
200 1  @a数学@9shu xue@i基础模块@f主编袁卫平
210    @a西安@c西北工业大学出版社@d2015.9
215    @a191页@c图@d26cm
300    @a高等教育规划教材
330    @a本书内容包括:有理数、整式、方程、根式、平面几何、集合、函数、不等式共八章。
517 1  @a基础模块@Aji chu mo kuai
606 0  @a数学@x高等职业教育@j教材
690    @aO1@v5
701  0 @a袁卫平@9yuan wei ping@4主编
801  0 @aCN@b91MARC@c20171021
905    @b1032545-9@dO1@f5@e480
    
    数学.基础模块/主编袁卫平.-西安:西北工业大学出版社,2015.9
    191页:图;26cm
    高等教育规划教材
    
    ISBN 978-7-5612-4575-0:CNY72.00
    本书内容包括:有理数、整式、方程、根式、平面几何、集合、函数、不等式共八章。
●
相关链接 在E读中查询图书 在五车中查询图书 在当当中查询图书 在豆瓣中查询图书


正题名:数学     索取号:O1/480         预约/预借

序号 登录号 条形码 馆藏地/架位号 状态 备注
1 1032545   210325450   第二样本阅览室/ [索取号:O1/480] 在馆    
2 1032546   210325469   密集书库-数信学院/ [索取号:O1/480] 在馆    
3 1032547   210325478   第三借阅区/ [索取号:O1/480] 在馆    
4 1032548   210325487   第三借阅区/ [索取号:O1/480] 在馆    
5 1032549   210325496   第三借阅区/ [索取号:O1/480] 在馆    
唐山师范学院图书馆 欢迎您!
大连网信软件有限公司© 版权所有